| 000 | 03146nam a2200325 a 4500 | ||
|---|---|---|---|
| 001 | 000018959 | ||
| 003 | DO-SdBNP | ||
| 005 | 20220211075245.0 | ||
| 008 | 100521s2006 dr r 001 p spa d | ||
| 020 | _a9993442607 | ||
| 040 |
_aDO-SdBNP _bspa _cBPMSU |
||
| 082 |
_aRD861.08 _aS693c 2006 _222 |
||
| 245 | 0 | 0 |
_aA la sombra del cañaveral : _bantología de poetas del este / _ccompilador Isael Pérez ; presentación Alejandro Arvelo. |
| 260 |
_aSanto Domingo : _bDirección General de la Feria del Libro, _c2006. _f |
||
| 300 |
_a242 p. ; _c23 cm. |
||
| 490 | 0 |
_aFerilibro _v99 |
|
| 500 | _aIncluye datos biográficos del autor en la solapa de la cubierta | ||
| 500 | _aIncluye datos biográficos de los poetas al pie de las páginas | ||
| 505 | 0 | _aPresentación / Alejandro Arvelo -- La literatura dominicana en la región este / Isael Pérez -- Había una vez un hombre llamado sándalo / Néstor Caro -- La máscara del tiempo / Avelino Sanley -- Ni la muerte lo quería / Miguel Ángel Gómez -- La iniciación / Fernando Ureña Rib -- Deseo de cristal / Rómulo Zorrilla -- Poético poético / Néstor García -- Los pavos de don Paipulá, el ignominioso / Héctor Payano -- Chito / José Rijo -- En busca del enganche / Ramóm Marrero Aristy -- Cuando los perros se amarraban con longaniza / Justiniano Estévez Aristy -- El juez que se volvió loco / Celio Guerrero -- Muertos que no hacen ruidos / Daniel del Carpio -- Historia de la mujer que se transforma / Rafael Peralta Romero -- La mujer del guerrillero / Bonaparte Gautreaux Piñeyro -- Ay, Rosalía / Juan Carlos Mieses -- Los reinos de la ternura / Héctor Williams Zorrilla -- El deseo de morir en su tierra / Juan Martínez Montero -- Posesión / Sélvido Candelario -- Juan Bobo y Pedro Animal / Cecilio Díaz Carela -- Tres granos de sal / Juan Pradios Rojas -- Antes que la luz se acabe / Aquiles Julián -- La niña Ana / Billy Laureano -- ¿Porque lo Hiciste? / Ricardo Vega -- Siete letras / Miguel Solano -- La novia del coronel era un travesti / Abel Astacio -- No duermes en cuarto ajeno / Jesús Morales -- Ahora que vuelvo, Ton / René del Risco Bermúdez -- Senectud / Miguel Phipps Cueto -- La muerte espera en el tranquilo barrio de gascue / Herman Mella Chavier -- Dar para recibir / María Aybar -- El sueño / Bernot Berry Martínez -- No eres un hombre, hijo / Iván García Guerra -- El viaje / Manuel Luna Vásquez -- Charlie / Ricardo Nieves -- La que nunca fue / Bruno Silié -- La dama del lago / Teresita Beltré -- La historia de un perro / Miguel Ángel Monclús -- ¿Qué responden? / Edgar Reyes Tejada -- Oneyda / Claudio Alberto Mustafá -- El Aqueybana o cacique yaquimo / Héctor | |
| 590 | _6Inventariado, 2021/VM | ||
| 650 | 4 |
_aPoesía dominicana _xColecciones |
|
| 650 | 4 |
_aLiteratura dominicana _vColecciones _x |
|
| 651 | 4 |
_aRegión este (República Dominicana _xAntologias literarias |
|
| 700 | 1 |
_aArvelo, Alejandro _epresentación |
|
| 700 | 1 |
_aPérez, Isael _ecomp. |
|
| 710 | 2 | _aDirección General de la Feria del Libro (República Dominicana) | |
| 830 | 0 |
_aFerilibro _n99 |
|
| 910 | _aVMateo V. | ||
| 942 |
_2ddc _cBK |
||
| 999 |
_c13553 _d13553 |
||